| 000 | 00752nam a2200181Ia 4500 | ||
|---|---|---|---|
| 008 | 100917s9999 xx 000 0 und d | ||
| 082 | _b47932 | ||
| 100 | _aपॉल ब्रन्टन | ||
| 245 | _aभारताच्या आध्यात्मिक रहस्याच्या शोधात | ||
| 260 |
_bवोरा ऍण्ड कंपनी _c1974 |
||
| 300 | _a432 | ||
| 365 | _b15 | ||
| 520 | _aअध्यात्म | ||
| 630 | _aभारताच्या आध्यात्मिक रहस्याच्या शोधात | ||
| 650 | _aअध्यात्म | ||
| 730 | _aभारताच्या आध्यात्मिक रहस्याच्या शोधात | ||
| 942 | _cBOOK | ||
| 999 |
_c653326 _d653323 |
||